Normal view
MARC view
Entry Topical Term
001 - CONTROL NUMBER
- control field: 52626
003 - CONTROL NUMBER IDENTIFIER
- control field: ARRUPE
005 - DATE AND TIME OF LATEST TRANSACTION
- control field: 20240408164323.0
008 - FIXED-LENGTH DATA ELEMENTS
- fixed length control field: 240408|| aca||aabn | a|a d
040 ## - CATALOGING SOURCE
- Original cataloging agency: ARRUPE
- Transcribing agency: ARRUPE
150 ## - HEADING--TOPICAL TERM
- Topical term or geographic name as entry element: Great Britain;
- Form subdivision: economic conditions
670 ## - SOURCE DATA FOUND
- Source citation: Work cat.: (ARRUPE)131857: Floud. Roderick 43594, The economic history of Britain since 1700, 1981.